Formula 1 Champions- Sudden Death - Statistics

General Stats
  • This quiz has been taken 466 times
  • The average score is 8 of 16
Answers on the Grid
Answers color-coded by a green-red scale on the quiz's grid according to % correct below.
Max Verstappen
Martin Brundle
Jenson Button
Mika Häkkinen
Stirling Moss
Jean Alesi
James Hunt
Gilles Villeneuve
Sebastian Vettel
Ralf Schumacher
Enzo Fittipaldi
Nino Farina
Bruce McLaren
Kimi Räikkonen
Nelson Piquet jr.
Phil Hill
Keke Rosberg
Riccardo Patrese
Mike Hawthorn
Felipe Massa
Niki Lauda
Bruno Senna
Charles Leclerc
Alain Prost
Lewis Hamilton
Jim Clark
Michael Andretti
Luigi Fagioli
Alberto Ascari
Jack Brabham
Lorenzo Bandini
Daniel Ricciardo
 
Answer Stats
Answer % Correct
Max Verstappen
97%
Jenson Button
84%
Mika Häkkinen
80%
James Hunt
59%
Sebastian Vettel
59%
Kimi Räikkonen
47%
Lewis Hamilton
46%
Keke Rosberg
42%
Niki Lauda
42%
Phil Hill
36%
Alain Prost
35%
Jim Clark
35%
Nino Farina
35%
Mike Hawthorn
31%
Alberto Ascari
29%
Jack Brabham
27%
No matching quizzes found
Score Distribution
Percent of People with Each Score
Percentile by Number Answered
Your Score History
You have not taken this quiz